|
|
|
|
| LEADER |
00000naa2a2200000 4500 |
| 001 |
180709 |
| 005 |
20240823063159.0 |
| 035 |
|
|
|a (RuTPU)RU\TPU\book\195905
|
| 090 |
|
|
|a 180709
|
| 100 |
|
|
|a 20100525d2009 k y0rusy50 ca
|
| 101 |
0 |
|
|a rus
|
| 102 |
|
|
|a RU
|
| 200 |
1 |
|
|a Габброиды Бурлакского расслоенного мафит-ультрамафитового массива нижнедербинского комплекса (северо-запад Восточного Саяна)
|f Т. Ю. Черкасова
|g науч. рук. А. К. Мазуров
|
| 320 |
|
|
|a Библиогр.: 1 назв.
|
| 463 |
|
0 |
|0 (RuTPU)RU\TPU\book\186895
|y 978-5-98298-569-9
|t Проблемы геологии и освоения недр
|o труды XIII Международного симпозиума имени академика М. А. Усова студентов и молодых ученых, посвященного 110-летию со дня рождения К. В. Радугина
|f Томский политехнический университет (ТПУ), Институт геологии и нефтегазового дела (ИГНД)
|v С. 109-111
|d 2009
|p 993 с.
|
| 610 |
1 |
|
|a Восточный Саян
|
| 610 |
1 |
|
|a Бурлакский массив
|
| 610 |
1 |
|
|a нижнедербинские комплексы
|
| 610 |
1 |
|
|a габброиды
|
| 610 |
1 |
|
|a петрография
|
| 610 |
1 |
|
|a труды учёных ТПУ
|
| 700 |
|
1 |
|a Черкасова
|b Т. Ю.
|c геолог
|c доцент Томского политехнического университета, кандидат геолого-минералогических наук
|f 1984-
|g Тамара Юрьевна
|3 (RuTPU)RU\TPU\pers\27296
|9 12714
|
| 702 |
|
1 |
|a Мазуров
|b А. К.
|c горный инженер геолог
|c профессор-консультант Томского политехнического университета, доктор геолого-минералогических наук
|f 1951-
|g Алексей Карпович
|x TPU
|y Томск
|3 (RuTPU)RU\TPU\pers\26068
|4 727
|9 11906
|
| 801 |
|
1 |
|a RU
|b 63413507
|c 20100525
|
| 801 |
|
2 |
|a RU
|b 63413507
|c 20120327
|g RCR
|
| 942 |
|
|
|c BK
|